The turn of the screw (Record no. 36408)

MARC details
000 -LEADER
fixed length control field 00459nam a2200181Ia 4500
020 ## - INTERNATIONAL STANDARD BOOK NUMBER
ISBN 033348195X
050 ## - CALL MARK
Classification number PZ 7 .J36 T87/
100 ## - STATEMENT OF RESPONSIBILITY--MAIN AUTHOR NAME
Personal name James, Henry
245 #4 - TITLE STATEMENT
Title The turn of the screw
260 ## - PUBLICATION, DISTRIBUTION, ETC. (IMPRINT)
Place of publication Oxford
260 ## - PUBLICATION, DISTRIBUTION, ETC. (IMPRINT)
Name of publisher Oxford University Press
260 ## - PUBLICATION, DISTRIBUTION, ETC. (IMPRINT)
Year of publication 2002
300 ## - PHYSICAL DESCRIPTION
Number of Pages 60 p
650 ## - SUBJECT ADDED ENTRY--TOPICAL TERM
Topical Term English language -- Study and teaching Readers - Level 3
942 ## - ADDED ENTRY ELEMENTS (KOHA)
Koha item type Books
Holdings
Withdrawn status Lost status Source of classification or shelving scheme Damaged status Not for loan Permanent Location Current Location Shelving location Date acquired Accession Number Price effective from Koha item type
    Library of Congress Classification     NILE UNIVERSITY OF NIGERIA - MAIN LIBRARY NILE UNIVERSITY OF NIGERIA - MAIN LIBRARY Items on shelf 04/23/2025 0006727 04/23/2025 Books